00665nam a2200241 a 4500001001300000003000900013005001700022008004100039020001000080082001500090100001600105245004600121260003800167300000900205500003500214505001300249650002000262700001600282902000800298942000700306952009500313999001500408nice12345678IN_TiNIC20260116011502.0050524s0000 laha grp 000 0 eng  ac10000a297.2bHAN aHanifi, M A aSurvey of Muslim Institutions and Culture aLahorebSh. Muhammad Ashrafc0000 a202p aincludes index and biblioraphy2 aappendix aIslam-Doctrines1 aHanifi, M A bSRS cBK 00104070aHMIbHMId2007-07-05g100.00l0o297.2 HANp02141r2007-07-05w2026-01-16yEB c1962d1962